• 首页
  • 本馆介绍
  • 公告通知
  • 最新文献
  • 馆藏检索
  • 电子资源
  • 读者导购
  • 参考咨询
  • 我的图书馆
  • 登录
  • 详细信息显示
  • 放入我的书架
  • 预约/预借图书
  • 作者相关作品
  • 分类相关作品
  • 丛书相关作品
  • 出版社相关作品

书目信息

  • 表格格式
  • 工作单格式
  • 卡片格式
题名:
中国中学数学教育史
    
 
作者: 魏庚人 主编
分册:  
出版信息: 北京   人民教育出版社  1987.5
页数: 432页
开本: 20厘米
丛书名:
单 册:
中图分类: G639.29 , G633.6
科图分类:
主题词: 教育--各级
电子资源:
ISBN: 7-107-10044-0
000 00761nam0 2200253 45
001 0189024976
005 20030107043415.1
010    @a7-107-10044-0@dCNY5.75
020    @aCN@b89024976
100    @a19910905d1987 m y0chiy0120 ea
101 0  @achi
102    @aCN@b110000
105    @ay z 000yy
106    @ar
200 10 @a中国中学数学教育史@Azhong guo zhong xue shu xue jiao yu shi@f魏庚人主编@Fwei geng ren zhu bian
210    @a北京@c人民教育出版社@d1987.5
215    @a432页@d20厘米
540 1  @a中国 中学 数学 教育史@Azhong guo zhong xue shu xue jiao yu shi
606 0  @a教育@x各级
690    @aG639.29@v1980
690    @aG633.6
701  0 @a魏庚人@Awei geng ren@4主编
801  0 @aCN@bNLC@c19910905
905    @f1@b232297@dG633.6@e179
    
    中国中学数学教育史/魏庚人主编.-北京:人民教育出版社,1987.5
    432页;20厘米
    
    
    ISBN 7-107-10044-0:CNY5.75
    
●
相关链接 在E读中查询图书 在五车中查询图书 在当当中查询图书 在豆瓣中查询图书


正题名:中国中学数学教育史     索取号:G633.6/179         预约/预借

序号 登录号 条形码 馆藏地/架位号 状态 备注
1 0232297   000242053   密集书库/ [索取号:G633.6/179] 在馆    
2 0232298   002067293   第一样本阅览室/ [索取号:G633.6/179] 在馆    
唐山师范学院图书馆 欢迎您!
大连网信软件有限公司© 版权所有